<?xml version="1.0" encoding="UTF-8"?>
<collection xmlns="http://www.loc.gov/MARC21/slim">
  <record>
    <leader>00000nam  2200000   4500</leader>
    <controlfield tag="001">INLIS000000000017218</controlfield>
    <controlfield tag="005">20240830103459</controlfield>
    <datafield tag="035" ind1="#" ind2="#">
      <subfield code="a">0010-0624000121</subfield>
    </datafield>
    <controlfield tag="007">ta</controlfield>
    <controlfield tag="008">240830################|##########|#|##</controlfield>
    <datafield tag="084" ind1="#" ind2="#">
      <subfield code="a">R 006 PKA 2023</subfield>
    </datafield>
    <datafield tag="100" ind1=" " ind2="#">
      <subfield code="a">Muhamad Valiandra</subfield>
    </datafield>
    <datafield tag="245" ind1="1" ind2="#">
      <subfield code="a">Optimalisasi Pengelolaan Data Anggaran Daerah Menuju Satu Data Indonesia Melalui Pembangunan Sistem Informasi Eksekutif Keuangan Daerah /</subfield>
      <subfield code="c">Muhamad Valiandra</subfield>
    </datafield>
    <datafield tag="260" ind1="#" ind2="#">
      <subfield code="a">Jakarta :</subfield>
      <subfield code="b">Pusbangkom Pimnas dan Manajerial ASN,</subfield>
      <subfield code="c">2023</subfield>
    </datafield>
    <datafield tag="300" ind1="#" ind2="#">
      <subfield code="a">45 halaman ;</subfield>
      <subfield code="c">30 cm</subfield>
    </datafield>
    <datafield tag="650" ind1="#" ind2="4">
      <subfield code="a">Pengelolaan Data</subfield>
    </datafield>
    <datafield tag="650" ind1="#" ind2="4">
      <subfield code="a">Anggaran</subfield>
    </datafield>
    <datafield tag="520" ind1="#" ind2="#">
      <subfield code="a">Pada tata kelola SPBE salah satu unsur yang ada di dalamnya adalah terkait dengan data dan informasi. Sebagaimana yang kita ketahui bahwa data yang ada sekarang ini sangat beraneka ragam dan tidak berkumpul menjadi satu, maka Pemerintah menerbitkan Peraturan Presiden Nomor 39 Tahun 2019 tentang Satu Data Indonesia, yang mana diharapkan mampu untuk mengumpulkan data strategis setiap Kementerian/Lembaga dan Pemerintah Daerah/ Hal ini bertujuan untuk memudahkan pimpinan untuk bisa mengambil keputusan dengan berdasarkan data yang telah diolah.</subfield>
    </datafield>
    <datafield tag="856" ind1="#" ind2="#">
      <subfield code="a">Perpustakaan LAN Pusat</subfield>
    </datafield>
    <datafield tag="990" ind1="#" ind2="#">
      <subfield code="a">24.06.006</subfield>
    </datafield>
  </record>
</collection>
